000 00963cam a22003137a 4500
003 CHAP
005 20220817043554.0
008 990823d1999 it a rn 00110 eng d
010 _a78803
011 _a79775
020 _a9251042675
035 _a90180
040 _cCHAP
090 _aFolleto 15456
110 2 _aFAO
245 1 4 _aThe global strategy for the management of farm animal genetic resources :
_bexecutive brief
_c/by FAO
260 _aRome :
_bFAO,
_c1999.
300 _a43 p. :
_bilus.
590 _aBATCH-UPD
_b10
_c20130110
_lUCH01
_h1856
590 _aBATCH-UPD
_b10
_c20130410
_lUCH01
_h1225
590 _aBATCH-UPD
_b10
_c20130914
_lUCH01
_h1955
590 _aCONVERSION
_b10
_c20130109
_lUCH01
_h1344
650 1 4 _aAnimales domesticos
_xMejoramiento.
_95909
650 1 4 _aRecursos genéticos.
_995078
901 _aBK
905 _aLilia Sánchez G.
942 _cFOLL
949 _aFolleto 15456
_bBC
_cFAO
_d901801
_eFAO1
_i90180
_kDonaciØn
_sb
999 _c78803
_d78803